| 000 | 01036nam a22002537a 4500 | ||
|---|---|---|---|
| 005 | 20170123164151.0 | ||
| 010 | _aB-231528 | ||
| 020 |
_c200.00 _a8176472123 |
||
| 035 | _aB-231528 | ||
| 037 | _bCen Lib / Ret | ||
| 040 |
_aDPL _bPN |
||
| 082 |
_a921 _bਕੰਵਲ |
||
| 100 |
_aਕੰਵਲ, ਜਸਵੰਤ ਸਿੰਘ _9126194 |
||
| 245 |
_aਪੁਣ੍ਯ ਦਾ ਚਾਨਣ : _cਜਸਵੰਤ ਸਿੰਘ ਕੰਵਲ _bਮੇਰੀ ਵਿਥਿਆ / |
||
| 246 |
_aPunya daa chanan : an autobiography / _bby Jaswant Singh Kanwal |
||
| 260 |
_aਲੁਧਿਆਣਾ _bਲਾਹੌਰ ਬੂਕ ਸ਼ਾਪ _c2007 |
||
| 270 |
_a2 ਲਾਜਪਤ ਰਾਏ ਮਾਰਕੇਟ _bਲੁਧਿਆਣਾ |
||
| 300 |
_a368p. _c21cm(Hb) |
||
| 650 |
_aਪੰਜਾਬੀ ਸਾਹਿਤ _vਜੀਵਨੀ _9126195 |
||
| 650 |
_aਪੰਜਾਬੀ ਸਾਹਿਤ _9126196 |
||
| 650 |
_aPunjabi Literature _vBiography _91698 |
||
| 650 |
_aPunjabi Literature _9781 |
||
| 942 |
_2ddc _cPN _h921 _mਕੰਵਲ |
||
| 999 |
_c110351 _d110351 |
||